Golpe de estado en El Salvador: las soluciones de emergencia

Salvato in:
Dettagli Bibliografici
Natura: testo
Soggetti:
Tags: Aggiungi Tag
Nessun Tag, puoi essere il primo ad aggiungerne!!

MARC

LEADER 00000 a a2200000 04500
001 17885
003
040
245 |a Golpe de estado en El Salvador:   |b las soluciones de emergencia  
650 |a GOLPES DE ESTADO  
650 |a MILITARISMO  
650 |a REFORMA SOCIAL  
650 |a EL SALVADOR  
773 |g volumen 3, número 42 (1979) páginas 373  
999 |c 24285  |d 24285 
773 0 |0 42391  |9 3773  |a Agencia Latinoamericana de Información, ALAI  |d Quito, Ecuador: ALAI  |o 03652  |t ALAI:  |x 08275564 (Servicio mensual de información y documentación)